| 000 | 00414nam a22001817a 4500 | ||
|---|---|---|---|
| 003 | MPLRDC | ||
| 005 | 20220104144236.0 | ||
| 008 | 210129b ||||| |||| 00| 0 eng d | ||
| 020 | _a957-2077-12-0 | ||
| 082 | _a427 YJTS | ||
| 100 | _a | ||
| 245 |
_a厨房百宝箱 _c |
||
| 250 | _a一版一刷 | ||
| 260 |
_a _b玉树图书印刷有限公司 _c2002 |
||
| 300 | _b平 | ||
| 650 | _a | ||
| 942 |
_cBK _o427 YJTS |
||
| 999 |
_c47746 _d47736 |
||